Loading...

Encyclopedia of the history of astronomy and astrophysics /

Bibliografiske detaljer
Hovedforfatter: Leverington, David
Format: Printed Book
Sprog:English
Fag:
LEADER 01118cam a2200241 i 4500
008 120925s2013 enka be 001 0 eng
010 |a  2012036493 
020 |a 9780521899949 (hardback) 
042 |a pcc 
082 0 0 |a 520.3  |2 23 
084 |a SCI034000  |2 bisacsh 
100 1 |a Leverington, David, 
245 1 0 |a Encyclopedia of the history of astronomy and astrophysics /  |c David Leverington. 
300 |a xi, 521 pages :  |b illustrations ;  |c 29 cm 
504 |a Includes bibliographical references and indexes. 
650 0 |a Astronomy  |x History  |v Encyclopedias. 
650 0 |a Astrophysics  |x History  |v Encyclopedias. 
650 7 |a SCIENCE / History. 
906 |a 7  |b cbc  |c orignew  |d 1  |e ecip  |f 20  |g y-gencatlg 
942 |c REF 
955 |b re04 2012-09-25  |c re04 2012-09-25 ONIX to Caroline S. for RDA review  |a rd01 2012-09-26 RDA review  |a xn09 2013-06-19 1 copy rec'd., to CIP ver.  |a rl02 2014-09-19 discard copy 3 
999 |c 169386  |d 169386 
952 |0 0  |1 0  |4 0  |6 520_300000000000000_LEV_E  |7 0  |9 187873  |a PHY  |b PHY  |c REF  |d 2017-01-07  |e Bookshop, Publication division  |g 3279.96  |i 5463  |l 0  |o 520.3 LEV/E  |p PHY5463  |r 2017-02-13  |v 4493.10  |w 2018-08-08  |y REF